Úverovanie bývania bude pokračovať aj po zániku štátneho fondu

Transformácia Štátneho fondu rozvoja bývania (ŠFRB) SR. Jeho nástupcom sa stáva Ministerstvo výstavby a regionálneho rozvoja SR. Ministerstvo bude pokračovať v úveroch na bývanie. Bonifikácia úrokov, dotácie alebo štátne záruky. Slovenská záručná a rozvojová banka (SZRB), š.p.ú. Bratislava by mala o...

ver descrição completa

Na minha lista:
Detalhes bibliográficos
Autor principal: Apolen, Peter
Formato: Capítulo de Livro
Idioma:eslovaco
Assuntos:
Tags: Adicionar Tag
Sem tags, seja o primeiro a adicionar uma tag!

MARC

LEADER 00000naa a2200000 4500
001 r045293
005 20230921114154.8
041 0 |a slo 
044 |a SK 
245 1 0 |a Úverovanie bývania bude pokračovať aj po zániku štátneho fondu  |c Peter Apolen 
520 |a Transformácia Štátneho fondu rozvoja bývania (ŠFRB) SR. Jeho nástupcom sa stáva Ministerstvo výstavby a regionálneho rozvoja SR. Ministerstvo bude pokračovať v úveroch na bývanie. Bonifikácia úrokov, dotácie alebo štátne záruky. Slovenská záručná a rozvojová banka (SZRB), š.p.ú. Bratislava by mala od r. 2003 uzatvárať zmluvy so žiadateľmi o úver na podporu rozvoja bývania. 
610 2 0 |a bývanie 
610 2 0 |a podpory 
610 2 0 |a fond bytový 
610 2 0 |a úver 
610 2 0 |a bonifikácia úroková 
610 2 0 |a dotácie 
610 2 0 |a záruka 
610 2 0 |a štát 
610 2 0 |a Štátny fond rozvoja bývania Bratislava 
610 2 0 |a transformácia 
100 1 |a Apolen, Peter